| 000 | 00634cam a2200217 4500 | ||
|---|---|---|---|
| 001 | WB3609-03 | ||
| 008 | 000000n2000 000 0 eng u | ||
| 035 | _a(Sirsi) u104531 | ||
| 245 | _aFee structure | ||
| 260 | _c2000 | ||
| 490 |
_aFinancial Times _v1 March 2000, 9(1) |
||
| 520 | _aSotheby's is to overhaul the commission it charges to buyers and sellers. The move follows Christie's recent decision to alter its own fee structure. | ||
| 590 | _aWB | ||
| 650 | _aSOTHEBYS | ||
| 650 | _aCHRISTIES | ||
| 650 | _aAUCTION HOUSES | ||
| 650 | _aCOMMISSION | ||
| 650 | _aFEES | ||
| 690 |
_aAuctioneering _96218 |
||
| 942 | _n0 | ||
| 999 |
_c62719 _d62719 |
||